|
|
|
|
| LEADER |
00000cam a2200000 7i4500 |
| 001 |
0000002571 |
| 005 |
20030813.0 |
| 020 |
0 |
0 |
|a 9832311535
|
| 090 |
0 |
0 |
|a 398.9992303
|b ABD 2003
|
| 100 |
0 |
0 |
|a ABDULLAH Hassan
|c 1942-
|
| 245 |
1 |
0 |
|a Kamus peribahasa kontemporari
|c Abdullah Hassan, Ainon Mohd.
|
| 260 |
0 |
0 |
|a Kuala Lumpur :
|b PTS Pub. & Dist. ,
|c 2003
|
| 300 |
|
|
|a [x], 477 p. ;
|c 19 cm.
|
| 650 |
0 |
0 |
|a Proverbs, Malay
|x Dictionaries
|
| 700 |
0 |
1 |
|a Ainon Muhammad ,
|c 1950-
|
| 998 |
|
|
|a JPSM
|
| 999 |
|
|
|a 0000004988
|b Monograph
|c Reference
|e Default branch
|
| 999 |
|
|
|a 0000004989
|b Monograph
|c Open Shelf
|e Default branch
|